2026 MotoGP Grid - Statistics

General Stats
  • This quiz has been taken 18 times
  • The average score is 20 of 22
Answer Stats
Team Answer % Correct
BK8 Gresini Racing MotoGP Alex Márquez
100%
Monster Energy Yamaha MotoGP Team Fabio Quartararo
100%
Ducati Lenovo Team Francesco Bagnaia
100%
Aprilia Racing Jorge Martín
100%
Ducati Lenovo Team Marc Márquez
100%
Aprilia Racing Marco Bezzecchi
100%
Monster Energy Yamaha MotoGP Team Álex Rins
94%
Pertamina Enduro VR46 Racing Team Franco Morbidelli
94%
Prima Pramac Yamaha MotoGP Jack Miller
94%
Honda HRC Castrol Joan Mir
94%
Castrol Honda LCR Johann Zarco
94%
Red Bull KTM Tech3 Maverick Viñales
94%
Red Bull KTM Factory Racing Pedro Acosta
94%
Trackhouse MotoGP Team Ai Ogura
88%
Pertamina Enduro VR46 Racing Team Fabio Di Giannantonio
88%
BK8 Gresini Racing MotoGP Fermín Aldeguer
88%
Honda HRC Castrol Luca Marini
82%
Trackhouse MotoGP Team Raúl Fernández
82%
Red Bull KTM Factory Racing Brad Binder
76%
Red Bull KTM Tech3 Enea Bastianini
76%
Prima Pramac Yamaha MotoGP Toprak Razgatlıoğlu
76%
Castrol Honda LCR Diogo Moreira
53%
No matching quizzes found
Score Distribution
Percent of People with Each Score
Percentile by Number Answered
Your Score History
You have not taken this quiz